000 00883nam a22002652 4500
001 0000002527
005 20151217151857.0
008 070412s xx 000 0 eng d
020 _a0256130000 :
040 _aKABU
_cKABU
050 0 _aHF5635
_b.S17 1993
100 1 _aEdwards, James Don.
_@0000151905
245 1 0 _aPrinciples of financial and managerial accounting /
_cJames Don Edwards, Roger H. Hermanson, Michael W. Maher.
250 _arev. ed.
260 _aBurr Ridge, Illinois :
_bIrwin,
_c1993.
300 _axxxi, 1310 p.
650 0 _aAccounting.
_@0000148321
650 0 _aManagerial accounting.
_@0000151472
700 1 _aHermanson, Roger.
_@0000151906
700 1 _aMaher, Michael W.
_@0000151633
908 _a070412
950 _@1
999 _c5899
_d5899